Normal view
MARC view
- Feminismo y ciencia
Entry Materia
001 - NÚMERO DE CONTROL DEL REGISTRO
- campo de control: 48201
003 - IDENTIFICADOR DE NUMERO DE CONTROL
- campo de control: UPN
005 - FECHA Y HORA DE LA ÚLTIMA TRANSACCIÓN
- campo de control: 20230309125341.0
008 - DATOS DE LONGITUD FIJA
- campo de control de longitud fija: 230309|| anznnbabn a a|a d
040 ## - FUENTE DE LA CATALOGACIÓN
- Centro catalogador de origen: DGB/UNAM
- Agencia de transcripción: MX-MxUPN
046 ## - FECHAS CON CODIFICACIÓN ESPECIAL
- Fecha final para contenidos agregados: 2023
150 ## - ENCABEZAMIENTO - TEMÁTICO
- Término de materia o nombre geográfico como elemento inicial: Feminismo y ciencia
400 ## - VEÁSE - NOMBRE PERSONAL
- Nombre personal: Ciencia y feminismo
670 ## - FUENTE EN LA QUE SE LOCALIZARON DATOS
- Cita de la fuente: Autoridades LIBRUNAN, 09 marzo 2023:
- Información localizada: (Feminismo y ciencia)
- Identificador Uniforme del Recurso: https://librunam.dgb.unam.mx:8443/F/T8PBYQHJSFC3SGEXUX5HNMG2BS173693LG5I7N6FES82GYAKE5-33233?func=full-set-set&set_number=013326&set_entry=000005&format=999
902 ## - CATALOGADOR
- Catalogador: VíctorGodínez/090323
